Szczegóły MARC21

Czynniki warunkujące powodzenie i niepowodzenie na studiach wyższych oraz trudności w procesie adaptacji studentów do wymagań uczelni i środowiska : (materiały z Ogólnopolskiego Sympozjum Naukowego), [Kielce, grudzień 1970] /

003 -Nazwa inst., której nr kontr. jest w polu 001 [,]
    • @
    • Nazwa instytucji, której n kontrolny jest w polu 001
    • NUKAT
005 -DATA I CZAS OSTATNIEJ MODYFIKACJI [,]
    • @
    • pole kontrolne
    • 20241231100552.0
040 -Instytucja sporządzająca opis [ , ]
    • a
    • Instytucja, która sporządziła opis (NP)
    • KIEL 010/KZ
    • c
    • Instytucja, która sporządziła rekord (NP)
    • KIEL 010/KZ
    • d
    • Instytucja, która zmodyfikowała rekord (P)
    • KIEL 010/KZ
    • d
    • Instytucja, która zmodyfikowała rekord (P)
    • KIEL 010/HLs
942 -Rodzaj dokumentu [ , ]
    • c
    • Rodzaj dokumentu
    • Książka
245 -Strefa tytułu i oznaczenia odpowiedzialności [0,0]
    • a
    • Tytuł
    • Czynniki warunkujące powodzenie i niepowodzenie na studiach wyższych oraz trudności w procesie adaptacji studentów do wymagań uczelni i środowiska : Find
    • b
    • Ciąg dalszy tytułu (NP)
    • (materiały z Ogólnopolskiego Sympozjum Naukowego), [Kielce, grudzień 1970] / Find
    • c
    • Pozostałe elementy strefy tytułu i oznaczenia odpowiedzialności (NP)
    • [red. nauk. Marek Pilkiewicz, Barbara Jabłońska] ; Wyższa Szkoła Pedagogiczna w Kielcach.
260 -Strefa adresu wydawniczego [ , ]
    • a
    • Miejsce wydania (P)
    • Kielce :
    • b
    • Nazwa wydawcy (P)
    • Wyższa Szkoła Pedagogiczna,
    • c
    • Data wydania (P)
    • 1976.
300 -Strefa opisu fizycznego [ , ]
    • a
    • Określenie formy książki i/lub objętość (NP)
    • 148 s. :
    • b
    • Oznaczenie ilustracji (NP)
    • il. ;
    • c
    • Format (NP)
    • 24 cm.
336 -Typ zawartości [ , ]
    • a
    • Termin opisujący typ zawartości
    • Tekst
    • b
    • Kod określający zawartość
    • txt
    • 2
    • Źródło (terminu i kodu)
    • rdacontent
337 -Typ mediów [ , ]
    • a
    • Tryb odtwarzania
    • Bez urządzenia pośredniczącego
    • b
    • Kod typu mediów
    • n
    • 2
    • Źródło (terminu i kodu)
    • rdamedia
338 -Typ/rodzaj nośnika [ , ]
    • a
    • Hasło opisujące typ nośnika
    • Wolumin
    • b
    • Kod typu nośnika
    • nc
    • 2
    • Źródło (terminu i kodu)
    • rdacarrier
504 -Uwaga dot. bibliogr. załącznikowej [ , ]
    • a
    • Uwaga dot. bibliografii załącznikowej
    • Bibliogr. s. 39-40.
080 -Uniwersalna Klasyfikacja Dziesiętna [ , ]
    • a
    • Symbol klasyfikacji
    • 159.923-057.875(438)(061)
080 -Uniwersalna Klasyfikacja Dziesiętna [ , ]
    • a
    • Symbol klasyfikacji
    • :378.18(438)(061)
650 -Hasło przedmiotowe [ ,7]
    • a
    • Hasło przedmiotowe
    • Studenci
    • z
    • Określnik geograficzny
    • Polska
    • z
    • Określnik geograficzny
    • Kielce
    • x
    • Określnik rzeczowy
    • psychologia
    • y
    • Określnik chronologiczny
    • 1945-1990
    • v
    • Określnik formalny
    • konferencje.
    • 2
    • Źródło terminu
    • kaba
    • 9
    • KHW
    • 714854
650 -Hasło przedmiotowe [ ,7]
    • a
    • Hasło przedmiotowe
    • Adaptacja (psychologia)
    • v
    • Określnik formalny
    • konferencje.
    • 2
    • Źródło terminu
    • kaba
    • 9
    • KHW
    • 714855
980 -Symbol UKD [ , ]
    • a
    • UKD
    • 159.923-057.875:378.18](438)(061)
700 -Hasło dodatkowe - nazwa osobowa [1, ]
    • a
    • Nazwa osobowa (NP)
    • Pilkiewicz, Marek Find
    • d
    • Daty biograficzne (NP)
    • ( -2009).
    • e
    • Określenie rodzaju współpracy
    • Red.
    • 9
    • KHW
    • 429368
700 -Hasło dodatkowe - nazwa osobowa [1, ]
    • a
    • Nazwa osobowa (NP)
    • Jabłońska, Barbara Find
    • c
    • Dopowiedzenie inne niż daty biograficzne (NP)
    • (pedagogika).
    • e
    • Określenie rodzaju współpracy
    • Red.
    • 9
    • KHW
    • 714796
Data inwentaryzacji Lokalizacja Numer inwentarzowy Status udost.
2003-07-16BGPd.154051